Online
Catalog

Lineamientos de políticas de desarrollo urbano para la ciudad de San Pedro de Macorís / (Record no. 27448)

MARC details
000 -CABECERA
campo de control de longitud fija 01029nam a2200217 a 4500
001 - NÚMERO DE CONTROL
campo de control 000027956
005 - FECHA Y HORA DE LA ÚLTIMA TRANSACCIÓN
campo de control 20200930031230.0
008 - DATOS DE LONGITUD FIJA--INFORMACIÓN GENERAL
campo de control de longitud fija 110406s2000 dr abd 000 | spa d
040 ## - FUENTE DE LA CATALOGACIÓN
Centro catalogador/agencia de origen DO-SdBNP
Lengua de catalogación spa
Centro/agencia transcriptor BNPHU
082 ## - NÚMERO DE LA CLASIFICACIÓN DECIMAL DEWEY
Número de clasificación xxx
Número de documento/Ítem R426L
049 ## - FONDOS LOCALES (OCLC)
Fondos de biblioteca BNPD
110 1# - ENTRADA PRINCIPAL--NOMBRE DE ENTIDAD CORPORATIVA
Nombre de entidad corporativa o nombre de jurisdicción como elemento de entrada República Dominicana.
Unidad subordinada Presidencia de la República.
-- Consejo Nacional de Asuntos Urbanos
9 (RLIN) 54715
245 10 - MENCIÓN DE TÍTULO
Título Lineamientos de políticas de desarrollo urbano para la ciudad de San Pedro de Macorís /
Mención de responsabilidad, etc. Julio C. Corral, Rosa A. María, Marcos A. Gómez ; colaboración de Yanilda Rengifo ; prólogo de Mercedes Sabeter de macarrulla.
260 ## - PUBLICACIÓN, DISTRIBUCIÓN, ETC.
Lugar de publicación, distribución, etc. Santiago de los Caballeros :
Nombre del editor, distribuidor, etc. Consejo Nacional de Asuntos Urbanos (CONAU);
-- Centro de Estudios Urbanos y Regionales (PUCMM),
Fecha de publicación, distribución, etc. 2000.
300 ## - DESCRIPCIÓN FÍSICA
Extensión 239 p. :
Otras características físicas il., mapas, diagr. ;
Dimensiones 28 cm.
700 1# - PUNTO DE ACCESO ADICIONAL--NOMBRE DE PERSONA
Nombre de persona Sabeter de macarrulla, Mercedes,
Término indicativo de función/relación pról.
9 (RLIN) 55023
700 1# - PUNTO DE ACCESO ADICIONAL--NOMBRE DE PERSONA
Nombre de persona Corral, Julio C.
9 (RLIN) 44072
700 1# - PUNTO DE ACCESO ADICIONAL--NOMBRE DE PERSONA
Nombre de persona María, Rosa A.,
Término indicativo de función/relación ed.
9 (RLIN) 43935
700 1# - PUNTO DE ACCESO ADICIONAL--NOMBRE DE PERSONA
Nombre de persona Gómez, Marcos A.
9 (RLIN) 55024
700 1# - PUNTO DE ACCESO ADICIONAL--NOMBRE DE PERSONA
Nombre de persona Rengifo, Yanilda
9 (RLIN) 55025
Holdings
Estado de retiro Estado de pérdida No para préstamo Código de colección Localización permanente Ubicación/localización actual Ubicación en estantería Fecha de adquisición Número de inventario Total de préstamos Signatura topográfica completa Código de barras Fecha visto por última vez Precio válido a partir de Tipo de ítem Koha
    Excluido de préstamo Patrimonio Dominicano Patrimonio Dominicano Patrimonio Dominicano En catalogación 06.04.2011 LF1   xxx R426L 27956-10 25.06.2020 25.06.2020 Libro y Folleto Colección Patrimonio Dominicano

Powered by Koha